| 000 | 00649nam a22001937a 4500 | ||
|---|---|---|---|
| 003 | Nust | ||
| 005 | 20241030160254.0 | ||
| 008 | 170216b xxu||||| |||| 00| 0 eng d | ||
| 040 | _cNust-MCE | ||
| 082 | _a200 | ||
| 100 |
_aSayyed Awais Ullah _948193 |
||
| 245 |
_aEvaluation of project time and cost management in the construction industry of Pakistan/ _cSayyed Awais Ullah |
||
| 260 |
_aRisalpur _bMCE NUST; _cc2014 |
||
| 300 | _a49 p.: | ||
| 650 |
_aMS-Construction Engineering and Management _9126573 |
||
| 700 |
_aSupervisor:Dr. Sarfraz Ahmed _9126593 |
||
| 856 | _u http://10.250.8.41:8080/xmlui/handle/123456789/11792 | ||
| 942 |
_cSC _2ddc |
||
| 999 |
_c229797 _d229797 |
||